000 00985cam a22003017a 4500
003 CHAP
005 20220817041605.0
008 971013s1964 r 00010 d
010 _a18974
011 _a19946
035 _a24033
040 _cCHAP
100 0 0 _aAlvarez Luna, Eduardo.
_94932
245 1 2 _aA study of inheritance of fruit firmess in the tomato (Lycopersicon esculentum M.)
260 _a(s.l.) :
_bThe author,
_c1964
300 _a212 p.
_b: ilus
500 _aThesis ( Ph. Doctor ) -- Cornell University. Graduate School
590 _aBATCH-UPD
_b10
_c20130110
_lUCH01
_h0126
590 _aBATCH-UPD
_b10
_c20130110
_lUCH01
_h0924
590 _aBATCH-UPD
_b10
_c20130410
_lUCH01
_h0545
590 _aBATCH-UPD
_b10
_c20130914
_lUCH01
_h0257
590 _aCONVERSION
_b10
_c20130109
_lUCH01
_h1311
650 1 4 _aGenética vegetal.
650 1 4 _aTomate
_xFisiología y morfología.
_9113722
901 _aBK
942 _cTESIS
949 _bBC
_cTES
_d-55602
_eTS1
_i24033
_si
999 _c18974
_d18974